Coins, culture, and history in the ancient world : numismatic and other studies in honor of Bluma L. Trell /

Bibliographic Details
Other Authors: Trell, Bluma L., 1903-, Casson, Lionel, 1914-2009, Price, Martin, 1939-1995
Format: Book
Language:English
Published: Detroit : Wayne State University Press, 1981.
Subjects:

MARC

Tag First Indicator Second Indicator Subfields
LEADER 00000pam a2200000 a 4500
001 in00000072842
005 20151008054639.0
008 810529s1981 miuab b 01100 eng
010 |a  81010491  
020 |a 0814316840 
035 |a (OCoLC)07573116 
035 |9 AAJ1264AM 
039 0 |a 2  |b 3  |c 3  |d 3  |e 3 
040 |a DLC  |c DLC  |d TXA  |d UtOrBLW 
043 |a e------  |a ff-----  |a aw----- 
049 |a TXAM  |c [1442269] 
050 0 0 |a CJ208  |b .C64 
082 0 |a 930  |2 19 
245 0 0 |a Coins, culture, and history in the ancient world :  |b numismatic and other studies in honor of Bluma L. Trell /  |c edited by Lionel Casson and Martin Price. 
264 1 |a Detroit :  |b Wayne State University Press,  |c 1981. 
300 |a 205 pages :  |b illustrations, maps ;  |c 26 cm. 
336 |a text  |b txt  |2 rdacontent 
337 |a unmediated  |b n  |2 rdamedia 
338 |a volume  |b nc  |2 rdacarrier 
504 |a Includes bibliographical references and index. 
600 1 0 |a Trell, Bluma L.,  |d 1903- 
650 0 |a Numismatics, Ancient. 
650 0 |a Classical antiquities. 
700 1 |a Trell, Bluma L.,  |d 1903- 
700 1 |a Casson, Lionel,  |d 1914-2009. 
700 1 |a Price, Martin,  |d 1939-1995. 
999 |a MARS 
999 f f |s 970dad97-968a-372f-96e8-6d06b54bc69a  |i d35c1942-7785-3f0f-acf1-01fa99f4feed  |t 0 
952 f f |p normal  |a Texas A&M University  |b College Station  |c Sterling C. Evans Library  |d Evans: Library Stacks  |t 0  |e CJ208 .C64  |h Library of Congress classification  |i unmediated -- volume  |m A14806093993 
998 f f |a CJ208 .C64  |t 0  |l Evans: Library Stacks